[Event "Internet Section 06A g/8'+2\""]
[Site "Dos Hermanas"]
[Date "2004.03.06"]
[Round "2"]
[White "Chiessi, Giampaolo"]
[Black "Chay, John"]
[Result "0-1"]
[WhiteElo "1498"]
[BlackElo "2175"]
[PlyCount "122"]
[EventDate "2004.03.06"]
[EventType "swiss (blitz)"]
[EventRounds "9"]
[EventCountry "ESP"]
[SourceTitle "CBM 099 Extra"]
[Source "ChessBase"]
[SourceDate "2004.05.04"]
[SourceVersion "1"]
[SourceVersionDate "2004.05.04"]
[SourceQuality "1"]

1. e4 d5 2. exd5 Qxd5 3. Nc3 Qa5 4. d4 Nf6 5. Bd2 c6 6. Bc4 Bg4 7. Nf3 e6 8. 0-0 Qb6 9. Na4 Qc7 10. Be2 Nbd7 11. Bg5 Bd6 12. h3 Bf5 13. c4 Ne4 14. c5 Nxg5 15. Nxg5 Bf4 16. Nf3 0-0 17. Nc3 Rfd8 18. Nh4 Nf6 19. Nxf5 exf5 20. Bf3 Rd7 21. Ne2 Rad8 22. Qc2 g6 23. Rfd1 Nd5 24. Qa4 a6 25. b4 Bg5 26. Bxd5 Rxd5 27. Qc2 Bf6 28. Qc4 f4 29. Rd3 Rf5 30. Rf3 Qd7 31. Rxf4 Rxf4 32. Nxf4 Qxd4 33. Qxd4 Rxd4 34. g3 Rxf4 35. gxf4 Bxa1 36. Kg2 Bc3 37. a3 Bb2 38. a4 Ba3 39. b5 Bxc5 40. bxc6 bxc6 41. Kf3 Kf8 42. Ke4 Ke7 43. f3 Ke6 44. h4 f5+ 45. Kd3 h5 46. Kc4 Bf2 47. a5 Kd6 48. Kd3 Bxh4 49. Ke2 Kd5 50. Kd3 Bg3 51. Ke3 c5 52. Kd3 c4+ 53. Ke2 Kd4 54. Kf1 Bxf4 55. Ke2 c3 56. Kd1 Kd3 57. Ke1 c2 58. Kf1 c1Q+ 59. Kg2 Qd2+ 60. Kf1 Be3 61. f4 Qf2# 0-1

[Event "Internet Section 06A g/8'+2\""]
[Site "Dos Hermanas"]
[Date "2004.03.06"]
[Round "8"]
[White "Montero Martinez, Cristian"]
[Black "Chay, John"]
[Result "1-0"]
[WhiteElo "2263"]
[BlackElo "2090"]
[PlyCount "103"]
[EventDate "2004.03.06"]
[EventType "swiss (blitz)"]
[EventRounds "9"]
[EventCountry "ESP"]
[SourceTitle "CBM 099 Extra"]
[Source "ChessBase"]
[SourceDate "2004.05.04"]
[SourceVersion "1"]
[SourceVersionDate "2004.05.04"]
[SourceQuality "1"]

1. e4 d5 2. d3 dxe4 3. dxe4 Qxd1+ 4. Kxd1 e5 5. Be3 c6 6. Nd2 Be6 7. Bc4 Bxc4 8. Nxc4 Nd7 9. Nf3 Ngf6 10. Nfxe5 Nxe5 11. Nxe5 Bd6 12. Nc4 Nxe4 13. Nxd6+ Nxd6 14. Ke2 0-0-0 15. Bxa7 Rhe8+ 16. Be3 f5 17. g3 Nc4 18. b3 Nd6 19. Rhd1 Ne4 20. Kf3 g6 21. Bb6 Rd7 22. Rxd7 Kxd7 23. Rd1+ Ke6 24. c4 Ra8 25. a4 Re8 26. h4 h5 27. Kf4 Re7 28. f3 Nc3 29. Rd2 Kf7 30. Be3 Ke8 31. a5 Kf7 32. b4 Ke8 33. Bc5 Re6 34. Kg5 Ne2 35. g4 fxg4 36. fxg4 hxg4 37. Kxg4 Nc3 38. Rd3 Ne4 39. Bb6 c5 40. Rd8+ Ke7 41. Rb8 cxb4 42. Rxb7+ Kd6 43. a6 Kc6 44. Ba5 Kc5 45. Rc7+ Kd4 46. a7 Ra6 47. Bxb4 Ra4 48. Kf4 Nf2 49. Bc5+ Kxc4 50. Bxf2+ Kd5+ 51. Kg5 Ra6 52. Rg7 1-0